Musikalische Vortragsbezeichnungen - Statistiken

Allgemein
  • Dieses Quiz wurde 35 mal gespielt
    22 seit der letzten Aktualisierung
  • Das Durchschnittsergebnis liegt bei 9 aus 15
Antwortstatistiken
Musikalische Vortragsbezeichung Was zu tun ist % Korrekt
pianissimo sehr leise
90%
forte laut
85%
solo alleine
80%
tutti alle
75%
staccato kurz
75%
crescendo lauter
75%
allegro schnell
75%
largo langsam
60%
diminuendo leiser
55%
accelerando schneller
55%
ritardando langsamer
50%
tenuto halten
45%
subito plötzlich
45%
al fine bis "fine" spielen
35%
da capo vom Anfang wiederholen
15%
Keine übereinstimmenden Quizze gefunden
Verteilung der Resultate
Anzahl Personen mit jedem Resultat
Perzentil nach korrekt beantworteten Fragen
Ihre Resultats-Entwicklung
Sie haben dieses Quiz seit der letzten Aktualisierung nicht gespielt